00722cam a2200241 a 4500001000800000005001700008008004100025010001700066020001500083020002200098040001600120041000800136080001200144082001200156100000700168101000800175245004700183504006400230906004500294942001200339999001700351952011200368341986720180104083343.0900216s1986 enka b 001 0 eng c a 90119676  a0710802390 a0710802447 (pbk.) aMHcMHdDLC aeng a33 JER 233 JEF1 a59 aECO14aThe new Keynesian economics :cJeff Frank. aIncludes bibliographical references (p. 273-278) and index. a7bcbccorignewduencipf19gy-gencatlg 2ddccBK c39762d39762 00102udc40708PËKGa002b002cPËKGd2018-01-04l0o33 JEFp002-2994759r2018-01-04w2018-01-04yBK